Reputation - Estadísticas

Estadísticas generales
  • Esta prueba ha sido intentada 13 veces
  • La puntuación promedio es 11 de 15
Estadísticas de respuestas
Hint Respuesta % Correcto
4 Don’t blame me
100%
12 Dress
91%
1 Ready for it
91%
5 Delicate
82%
2 End game
82%
3 I did something bad
82%
15 New Year’s Day
82%
7 So it goes
73%
8 Gorgeous
64%
6 Look what you make me do
64%
13 This is why we can’t have nice things
64%
14 Call it what you want
55%
9 Getaway car
55%
10 King of my heart
55%
11 Dancing with our hands tied
36%
No se encontraron pruebas coincidentes
Distribución de puntuación
Porcentaje de gente con cada puntuación
Porcentaje por número respondido
Historial de tus puntuaciones
No has intentado esta prueba.